000 00914cam a2200217 4500
001 X120089
008 021015n2002 000 0 eng u
035 _a(Sirsi) u120089
245 _aGulliksen v Pembrokeshire CC
260 _c2002
490 _aWeekly Law Reports
_v[2002] 3 WLR 1072-1079(8)
490 _aEstates Gazette
_v[2002] 44 EG 175
490 _aCourt of Appeal (Civil Division)
_v[2002] EWCA Civ 968
520 _aCA 11 July 2002. Duty to maintain highway. P constructed private footpath in capacity as housing authority. Footpath deemed to have been dedicated as public footpath after 20 years public use. Whether P liable to maintain footpath. Highways Act 1980 s36. (Taken from headnote)
650 _aGULLIKSEN V PEMBROKESHIRE CC
650 _aFOOTPATHS
650 _aHIGHWAYS ACT 1980 S36
650 _aPUBLIC FOOTPATH
690 _aPROPERTY AND LAND LAW-CASE LAW
942 _n0
999 _c71354
_d71354